00368nam a2200109Ia 4500008004100000100002300041245003500064260006900099300001100168650001100179856006800190160712s9999 xx 000 0 und d aCunanan, Merlie M. cMerlie M. CunananaSea Stories c2012bLikhaan: The Journal of Contemporary Philippine Literature avol. 6 xPOETRY uhttp://journals.upd.edu.ph/index.php/lik/issue/view/536/showToc